LIBRARY & INFORMATION CENTRE, KCAET, TAVANUR

ONLINE PUBLIC ACCESS CATALOGUE (OPAC)

Cancer Wardile Chiri (Record no. 15374)

MARC details
000 -LEADER
fixed length control field 00338nam a22001457a 4500
020 ## - INTERNATIONAL STANDARD BOOK NUMBER
ISBN 9788182671942
082 ## - DEWEY DECIMAL CLASSIFICATION NUMBER
Classification number 920.894 812
Item number INN/CA
100 ## - MAIN ENTRY--AUTHOR NAME
Personal name Innocent
245 ## - TITLE STATEMENT
Title Cancer Wardile Chiri
250 ## - EDITION STATEMENT
Edition statement 13
260 ## - PUBLICATION, DISTRIBUTION, ETC. (IMPRINT)
Place of publication Kozhikode
Name of publisher Mathrubhumi Books
Year of publication 2017
300 ## - PHYSICAL DESCRIPTION
Number of Pages 128
650 ## - SUBJECT ADDED ENTRY--TOPICAL TERM
Topical Term Malayalam Memoir
942 ## - ADDED ENTRY ELEMENTS (KOHA)
Koha item type Books
Holdings
Withdrawn status Lost status Damaged status Home library Current library Date acquired Cost, normal purchase price Full call number Accession Number Koha item type
      KAUAET KAUAET 13/04/2018 115.00 920.894 812 INN/CA 25653 Books
free website counter